Load transfer from high strength concrete interior columns through ordinary strength concrete slabs (Record no. 551391)

000 -LEADER
fixed length control field 00463nam a22001457a 4500
082 ## - DEWEY DECIMAL CLASSIFICATION NUMBER
Classification number T-92
100 ## - MAIN ENTRY--PERSONAL NAME
Personal name Engr. Syed Abid Ali Shah
9 (RLIN) 48444
245 ## - TITLE STATEMENT
Title Load transfer from high strength concrete interior columns through ordinary strength concrete slabs
Statement of responsibility, etc. Engr. Syed Abid Ali Shah
260 ## - PUBLICATION, DISTRIBUTION, ETC.
Place of publication, distribution, etc. Risalpur
Name of publisher, distributor, etc. MCE
Date of publication, distribution, etc. 1999
300 ## - PHYSICAL DESCRIPTION
Extent xii, 71.p:
526 ## - STUDY PROGRAM INFORMATION NOTE
Program name 0
Interest level 0
Reading level 0
Title point value T_92
650 ## - SUBJECT ADDED ENTRY--TOPICAL TERM
Topical term or geographic name entry element Thesis
9 (RLIN) 34811
700 ## - ADDED ENTRY--PERSONAL NAME
Personal name Engr. Syed Abid Ali Shah
9 (RLIN) 48444
942 ## - ADDED ENTRY ELEMENTS (KOHA)
Source of classification or shelving scheme
Koha item type Book
Holdings
Withdrawn status Lost status Source of classification or shelving scheme Damaged status Not for loan Permanent Location Current Location Date acquired Total Checkouts Full call number Barcode Date last seen Price effective from Koha item type Public note
          Military College of Engineering (MCE) Military College of Engineering (MCE) 12/12/2014   T-92 MCE-T-92 12/12/2014 12/12/2014 Book Thesis
© 2023 Central Library, National University of Sciences and Technology. All Rights Reserved.